[Event "DRUZYNOWE MISTRZOSTWA POLSKI - II LIGA"]
[Site "Jastrzebia Gora"]
[Date "2015-09-18"]
[Round "1.34"]
[White "Zielinski, Wojciech"]
[Black "Michalski, Filip"]
[Result "1/2-1/2"]
[WhiteTitle "I++"]
[BlackTitle "I"]
[WhiteElo "2187"]
[BlackElo "2176"]

1. e4 e6 2. d4 d5 3. Nd2 Be7 4. c3 c5 5. dxc5 Nf6 6. exd5 Qxd5 7. Nb3 Qxd1+ 8.
Kxd1 O-O 9. f3 Rd8+ 10. Ke1 Nd5 11. Bc4 a5 12. a4 Na6 13. Bxd5 Rxd5 14. Be3 Nxc5
15. Bxc5 Bxc5 16. Nxc5 Rxc5 17. Rd1 Kf8 18. Ne2 b5 19. Rd4 bxa4 20. Rxa4 Rb8 21.
Ra2 e5 22. b4 axb4 23. cxb4 Rxb4 24. Kf2 Be6 25. Rd2 Rbc4 26. Rb1 g6 27. Rb8+
Kg7 28. Rbb2 Ra5 29. Rb1 Ra3 30. Ng3 Rca4 31. Rbb2 Ra2 32. Ne4 Rxb2 33. Rxb2 Ra5
34. Ke3 Ra3+ 35. Kf2 Bd5 36. Re2 Bxe4 37. Rxe4 Kf6 38. f4 exf4 39. Rxf4+ Kg7 40.
Rb4 g5 41. h4 Kg6 42. hxg5 Kxg5 43. Rb7 Kg6 44. Rb6+ f6 45. Rb4 h5 46. Rb5 h4
47. Rb8 h3 48. gxh3 Rxh3 49. Rg8+ Kf5 50. Ra8 Rb3 51. Ra4 Kg5 52. Rc4 f5 53. Ra4
Rb5 54. Rc4 Rb6 55. Ra4 f4 56. Ra8 Re6 57. Kf3 Re3+ 58. Kf2 Re5 59. Kf3 Kg4+ 60.
Kg3+ Kg5+ 1/2-1/2

[Event "DRUZYNOWE MISTRZOSTWA POLSKI - II LIGA"]
[Site "Jastrzebia Gora"]
[Date "2015-09-18"]
[Round "1.37"]
[White "Maciol, Ryszard"]
[Black "Gumularz, Szymon"]
[Result "0-1"]
[WhiteTitle "k"]
[BlackTitle "I++"]
[WhiteElo "2205"]
[BlackElo "2239"]

1. d4 d6 2. e4 Nf6 3. f3 e5 4. Ne2 c6 5. Nbc3 Nbd7 6. Be3 b5 7. Qd2 Qc7 8. Ng3
Nb6 9. Be2 Be7 10. O-O O-O 11. Rae1 b4 12. Nd1 exd4 13. Bxd4 c5 14. Bf2 d5 15.
exd5 Nbxd5 16. Bc4 Be6 17. Ne4 Rad8 18. Bg3 Qc6 19. Qf2 Nxe4 20. fxe4 Nf6 21.
Bxe6 Qxe6 22. e5 Nd5 23. Qe2 Nb6 24. Ne3 f5 25. exf6 Bxf6 26. Nf5 Qxe2 27. Rxe2
Rd7 28. c3 bxc3 29. bxc3 g6 30. Nh6+ Kg7 31. Rxf6 Rxf6 32. Be5 Rd1+ 33. Kf2 Rd8+
0-1

[Event "DRUZYNOWE MISTRZOSTWA POLSKI - II LIGA"]
[Site "Jastrzebia Gora"]
[Date "2015-09-18"]
[Round "1.41"]
[White "Lozynski, Kamil"]
[Black "Kolasinski, Krzysztof"]
[Result "0-1"]
[WhiteTitle "I"]
[BlackTitle "I++"]
[WhiteElo "1903"]
[BlackElo "2087"]

1. d4 Nf6 2. Nc3 d5 3. Bg5 Bf5 4. f3 Nbd7 5. e3 c6 6. Bd3 Bxd3 7. Qxd3 Qa5 8. Nge2
e6 9. O-O Be7 10. Nc1 c5 11. Qb5 Qxb5 12. Nxb5 O-O 13. Nd3 a6 14. Nc3 cxd4 15.
exd4 Rac8 16. Rae1 h6 17. Bh4 b5 18. a3 Bxa3 19. Nxd5 Nxd5 20. bxa3 Rxc2 21. Nb4
Nxb4 22. axb4 Rfc8 23. Rb1 R8c4 24. Rfd1 Nb6 25. Be1 Nd5 26. Rd3 Nf4 27. Rd2 Rxd2
28. Bxd2 Ne2+ 29. Kf1 Nxd4 30. Ra1 Nb3 0-1

[Event "DRUZYNOWE MISTRZOSTWA POLSKI - II LIGA"]
[Site "Jastrzebia Gora"]
[Date "2015-09-18"]
[Round "1.51"]
[White "Kastelik, Adrian"]
[Black "Jedra, Waldemar"]
[Result "0-1"]
[WhiteTitle "I++"]
[BlackTitle "I"]
[WhiteElo "2135"]
[BlackElo "1986"]

1. d4 Nf6 2. c4 e6 3. Nc3 Bb4 4. e3 c5 5. Nge2 cxd4 6. exd4 d5 7. a3 Be7 8. Nf4
O-O 9. cxd5 exd5 10. Bd3 Nc6 11. O-O Bd6 12. Bc2 Ne7 13. Nh5 Nxh5 14. Qxh5 g6
15. Qf3 Kg7 16. Kh1 Bd7 17. Nxd5 Nxd5 18. Qxd5 Bc6 19. Qg5 Be7 20. Qh6+ Kg8 21.
Bd2 Bf6 22. Bc3 Bd5 23. Qd2 Qd7 24. f3 h5 25. Rfe1 h4 26. Qf4 Kg7 27. Be4 Rad8
28. Rac1 Rh8 29. Ba5 Rc8 30. Bc3 Rh5 31. Bxd5 Rxd5 32. Rcd1 Rd8 33. Re2 Qb5 34.
Qe4 Re5 35. dxe5 Rxd1+ 36. Be1 Bg5 37. h3 Bf4 38. a4 Qa6 39. b4 Bg3 40. Kg1 Qb6+
41. Kh1 Qc6 42. e6 Qxe4 43. Rxe4 fxe6 44. Rxe6 Rxe1+ 45. Rxe1 Bxe1 46. b5 Bf2
47. g4 hxg3 0-1

[Event "DRUZYNOWE MISTRZOSTWA POLSKI - II LIGA"]
[Site "Jastrzebia Gora"]
[Date "2015-09-18"]
[Round "1.69"]
[White "Lizak, Jakub"]
[Black "Hemmerling, Jaroslaw"]
[Result "1-0"]
[WhiteTitle "k"]
[BlackTitle "I+"]
[WhiteElo "2113"]
[BlackElo "1971"]

1. e4 e6 2. d4 d5 3. Nc3 Nf6 4. e5 Nfd7 5. f4 c5 6. Nf3 Nc6 7. Be3 Qb6 8. Na4 Qa5+
9. c3 cxd4 10. b4 Nxb4 11. cxb4 Bxb4+ 12. Bd2 Bxd2+ 13. Nxd2 f6 14. exf6 gxf6
15. Bd3 b5 16. Nb2 Nb6 17. Qh5+ Ke7 18. Rb1 Nc4 19. Nbxc4 bxc4 20. Bxc4 dxc4 21.
Qxa5 1-0

[Event "DRUZYNOWE MISTRZOSTWA POLSKI - II LIGA"]
[Site "Jastrzebia Gora"]
[Date "2015-09-18"]
[Round "2.18"]
[White "Szydlowska-duda, Marta"]
[Black "Weglarz, Joanna"]
[Result "0-1"]
[WhiteTitle "k"]
[BlackTitle "k"]
[WhiteElo "1990"]
[BlackElo "2004"]

1. d4 d5 2. Nf3 Nf6 3. Bf4 c5 4. e3 Nc6 5. c3 Qb6 6. Qb3 c4 7. Qxb6 axb6 8. Na3
Na7 9. Be2 e6 10. Nc2 Nc6 11. O-O Ne4 12. Ne5 f6 13. Nxc6 bxc6 14. f3 Nd6 15.
e4 Be7 16. Rfe1 Kf7 17. Bf1 Bd7 18. a3 b5 19. Re3 dxe4 20. fxe4 Nc8 21. Rae1 Nb6
22. g4 Rhe8 23. h3 Bf8 24. R3e2 e5 25. Bg3 exd4 26. cxd4 Na4 27. Nb4 c5 28. dxc5
Bxc5+ 29. Bf2 Re5 30. Bxc5 Nxc5 31. Bg2 Rae8 32. Rd2 R8e6 33. Red1 Bc8 34. Rd8
Bb7 35. Rb8 Re8 36. Rxe8 Kxe8 37. Nd5 Bxd5 38. exd5 Nd3 39. Rd2 Kd7 40. Kf1 Re1#
41. Kg1 Ke8+ 42. Kh2 Rb1 0-1

[Event "DRUZYNOWE MISTRZOSTWA POLSKI - II LIGA"]
[Site "Jastrzebia Gora"]
[Date "2015-09-18"]
[Round "2.49"]
[White "Teclaf, Pawel"]
[Black "Rudolf, Michal"]
[Result "1/2-1/2"]
[WhiteTitle "CM"]
[BlackTitle "FM"]
[WhiteElo "2200"]
[BlackElo "2326"]

1. e4 Nf6 2. e5 Nd5 3. d4 d6 4. c4 Nb6 5. exd6 exd6 6. Nc3 Nc6 7. Nf3 Be7 8. Be3
O-O 9. Be2 d5 10. c5 Nc4 11. Bxc4 dxc4 12. Qa4 Bf6 13. O-O-O Ne7 14. Qxc4 c6 15.
Ng5 Nd5 16. Nge4 Be6 17. Nxd5 Bxd5 18. Qc2 Re8 19. Nd6 Re7 20. Rhg1 b6 21. Nf5
Re6 22. g4 bxc5 23. Qxc5 Bxa2 24. g5 Be7 25. Nxe7+ Qxe7 26. Qxe7 Rxe7 27. Rge1
Bb3 28. Rd3 Bc4 29. Rc3 Bb5 30. Bd2 Rxe1+ 31. Bxe1 Re8 32. Bd2 Re4 33. Re3 Rxe3
34. Bxe3 a6 35. Bf4 f6 36. gxf6 gxf6 37. Kd2 Kf7 38. Bc7 Ke6 39. Bd8 Kf5 40. Ke3
Bc4 41. Kd2 h5 42. Kc3 Bb5 43. Kb4 Ke6 44. Kc5 f5 45. Bc7 Kd7 46. Bf4 Ke6 47.
Bb8 Ke5 1/2-1/2

[Event "DRUZYNOWE MISTRZOSTWA POLSKI - II LIGA"]
[Site "Jastrzebia Gora"]
[Date "2015-09-18"]
[Round "3.38"]
[White "Weissbein, Thomas"]
[Black "Helis, Tadeusz"]
[Result "1/2-1/2"]
[WhiteTitle "k+"]
[BlackTitle "FM"]
[WhiteElo "2260"]
[BlackElo "2228"]

1. e4 c5 2. c3 d5 3. exd5 Qxd5 4. d4 Nc6 5. Nf3 Bg4 6. dxc5 Qxd1+ 7. Kxd1 e5 8.
b4 e4 9. h3 Bh5 10. g4 exf3 11. gxh5 a5 12. Bb5 Nge7 13. a3 axb4 14. cxb4 O-O-O
15. Bd2 g6 16. Kc1 Bg7 17. Ra2 Nf5 18. Bc3 Nfd4 19. Bxc6 bxc6 20. Bxd4 Rxd4 21.
Rd1 Rhd8 22. Rxd4 Rxd4 23. hxg6 fxg6 24. Nd2 Bh6 25. Kd1 Rd3 26. Ke1 Bxd2+ 27.
Rxd2 Rxa3 28. Rd6 Kb7 29. Rd7+ Ka6 30. Rxh7 Kb5 31. Rh4 Rb3 32. Rf4 Rxb4 33. Rxf3
Kxc5 34. Rg3 Re4+ 35. Kd2 Re6 36. h4 Kb4 37. Rg4+ Kb5 38. Rg5+ c5 39. h5 gxh5
40. Rxh5 Kb4 41. Rh8 Rd6+ 42. Ke3 c4 43. Rb8+ Ka3 44. Rc8 Kb3 45. Rb8+ Kc2 46.
Rc8 c3 47. f4 Kb2 48. f5 c2 49. Rb8+ Kc1 50. Rc8 Kd1 51. Ke4 Kd2 52. Ke5 Rd3 53.
f6 Re3+ 54. Kd5 Rf3 55. Ke6 Rxf6+ 56. Kd5 1/2-1/2

[Event "DRUZYNOWE MISTRZOSTWA POLSKI - II LIGA"]
[Site "Jastrzebia Gora"]
[Date "2015-09-18"]
[Round "3.39"]
[White "Osipow, Nikolaj"]
[Black "Widla, Piotr"]
[Result "1-0"]
[WhiteTitle "k"]
[BlackTitle "I++"]
[WhiteElo "2117"]
[BlackElo "2009"]

1. d4 Nf6 2. Nf3 e6 3. e3 b6 4. Be2 Bb7 5. O-O Be7 6. b3 O-O 7. c4 c5 8. Bb2 d6
9. Nc3 cxd4 10. Nxd4 a6 11. Bf3 Qc7 12. Rc1 Nbd7 13. Qe2 Rac8 14. Rfd1 Ne5 15.
Bxb7 Qxb7 16. f4 Ned7 17. Qf3 Qxf3 18. gxf3 Rfd8 19. f5 e5 20. Nde2 g6 21. Ng3
Nc5 22. Kf2 h5 23. fxg6 fxg6 24. Ba3 h4 25. Nf1 Rf8 26. Bxc5 dxc5 27. Ke2 Rce8
28. Nd2 Kh7 29. Nde4 Nxe4 30. Nxe4 Rd8 31. Rxd8 Rxd8 32. Rd1 Rxd1 33. Kxd1 Kh6
34. Ke2 Kh5 35. Kd3 g5 36. Nf2 b5 37. Ke4 bxc4 38. bxc4 Bd6 39. h3 Kg6 40. Kd5
Bb8 41. Ke6 Bc7 42. Ne4 Kh5 43. Kf5 Bd8 44. Kxe5 Kg6 45. Kd5 Kf5 46. Nd6+ Ke4+
47. Kxe4 1-0

[Event "DRUZYNOWE MISTRZOSTWA POLSKI - II LIGA"]
[Site "Jastrzebia Gora"]
[Date "2015-09-18"]
[Round "3.52"]
[White "Zielinski, Wojciech"]
[Black "Duda, Lukasz"]
[Result "0-1"]
[WhiteTitle "I++"]
[BlackTitle "I++"]
[WhiteElo "2187"]
[BlackElo "2153"]

1. b3 e5 2. Bb2 Nc6 3. e3 d5 4. Nf3 Bd6 5. d4 e4 6. Nfd2 Nce7 7. c4 c6 8. Nc3 f5
9. g3 Nf6 10. Be2 O-O 11. Qc2 a6 12. O-O-O b5 13. c5 Bc7 14. h3 a5 15. Rdg1 b4
16. Na4 Ng6 17. g4 f4 18. g5 Ne8 19. h4 Ne7 20. h5 f3 21. Bf1 Bf5 22. h6 g6 23.
Rh4 Nc8 24. Bh3 Ne7 25. Bf1 Rb8 26. Ba1 Qd7 27. Nb2 Bd8 28. Nbc4 dxc4 29. Bxc4+
Nd5 30. Nxe4 Nec7 31. Qd2 Ne6 32. Nd6 Bxg5 33. Rxg5 Nxg5 34. e4 Nxe4 35. Nxe4
Bxe4 36. Rxe4 Rbe8 37. Re5 Qg4 38. Rxd5 Qg1+ 39. Qd1 Qxd1+ 40. Kxd1 cxd5 41. Bxd5+
Rf7 42. Bc4 Rc8 43. Be6 Re8 44. Bc4 Rc8 45. Be6 Rc6 46. Bd5 Rcf6 47. c6 Kf8 48.
Bxf7 Rxf7 49. d5 Ke7 50. Be5 Rf5 51. d6+ Kd8 52. Bg3 Rd5+ 53. Ke1 Rc5 54. c7+
Kd7 55. Kd2 g5 56. Kd3 g4 57. Bf4 Rc3+ 58. Kd2 a4 59. Be5 axb3 60. axb3 Rxb3 61.
Kc2 Re3 62. Bg3 Re6 63. Kb3 Rxh6 64. Kxb4 Re6 65. Kc5 h5 66. c8=Q+ Kxc8 67. Kc6
Rg6 0-1

[Event "DRUZYNOWE MISTRZOSTWA POLSKI - II LIGA"]
[Site "Jastrzebia Gora"]
[Date "2015-09-18"]
[Round "3.56"]
[White "Oszczanowski, Witold"]
[Black "Kujawski, Adam"]
[Result "0-1"]
[WhiteTitle "k"]
[BlackTitle "k"]
[WhiteElo "2086"]
[BlackElo "2277"]

1. e4 e6 2. d4 d5 3. Nc3 Nf6 4. Bg5 Bb4 5. e5 h6 6. Be3 Ne4 7. Qg4 Kf8 8. Nge2
c5 9. f3 h5 10. Qh3 Nxc3 11. bxc3 cxd4 12. Bxd4 Be7 13. f4 Nc6 14. Nc1 Nxd4 15.
cxd4 Bd7 16. Bd3 Qa5+ 17. Kf2 g6 18. Ne2 Rc8 19. Rhb1 b6 20. Qf3 Kg7 21. g3 Ba4
22. c3 Ba3 23. h3 Rxc3 24. Nxc3 Qxc3 25. Re1 Qxd4+ 26. Kg2 Rc8 27. f5 exf5 28.
e6 Rc3 29. Re3 fxe6 0-1

[Event "DRUZYNOWE MISTRZOSTWA POLSKI - II LIGA"]
[Site "Jastrzebia Gora"]
[Date "2015-09-18"]
[Round "3.82"]
[White "Ziemniak, Piotr"]
[Black "Sliwicka, Alicja"]
[Result "0-1"]
[WhiteTitle "I"]
[BlackTitle "WFM"]
[WhiteElo "1838"]
[BlackElo "2003"]

1. e4 c5 2. Nf3 d6 3. d4 Nf6 4. Nc3 cxd4 5. Nxd4 Bd7 6. Be2 e5 7. Nf3 Bc6 8. Bg5
Nbd7 9. Nd2 Be7 10. Be3 Nb6 11. O-O d5 12. Bxb6 axb6 13. exd5 Nxd5 14. Nxd5 Qxd5
15. Bf3 Qe6 16. Re1 O-O 17. Nb3 Rfd8 18. Qe2 Bd6 19. a3 e4 20. Bg4 f5 21. Bh3
Qe5 22. g3 Rf8 23. f4 Qxb2 24. a4 Qc3 25. Red1 Be7 26. Bf1 Kh8 27. Rd4 Bc5 28.
Rad1 Rxa4 29. Nxc5 Rxd4 30. Ne6 Rxd1 0-1

[Event "DRUZYNOWE MISTRZOSTWA POLSKI - II LIGA"]
[Site "Jastrzebia Gora"]
[Date "2015-09-18"]
[Round "4.28"]
[White "Michalski, Filip"]
[Black "Zurkowski, Andrzej"]
[Result "0-1"]
[WhiteTitle "I"]
[BlackTitle "k+"]
[WhiteElo "2176"]
[BlackElo "2086"]

1. d4 Nf6 2. c4 e5 3. dxe5 Ng4 4. Bf4 Bb4+ 5. Nd2 Nc6 6. Ngf3 Qe7 7. a3 Ngxe5 8.
Nxe5 Nxe5 9. e3 Bxd2+ 10. Qxd2 O-O 11. Be2 d6 12. O-O b6 13. Qc3 Bb7 14. b4 Ng6
15. Bg3 f5 16. Rfe1 a5 17. Rac1 axb4 18. axb4 c5 19. bxc5 dxc5 20. Rcd1 Rf6 21.
Bf1 Re6 22. Qd2 Re8 23. f3 Qg5 24. Qc3 Bc6 25. Kh1 h5 26. Bf2 h4 27. Qd2 h3 28.
Bg3 Qh5 29. Qf2 Nf8 30. Rd6 Rxd6 31. Bxd6 Ne6 32. Bg3 Ng5 33. e4 fxe4 34. f4 e3
35. Rxe3 Ne4 36. Qe1 Nxg3+ 37. Kg1 Nxf1 38. Rxe8+ Qxe8 0-1

[Event "DRUZYNOWE MISTRZOSTWA POLSKI - II LIGA"]
[Site "Jastrzebia Gora"]
[Date "2015-09-18"]
[Round "4.36"]
[White "Binkowska, Agata"]
[Black "Iwanow, Anna"]
[Result "0-1"]
[WhiteTitle "I++"]
[BlackTitle "WIM"]
[WhiteElo "1553"]
[BlackElo "2312"]

1. e4 d5 2. exd5 Qxd5 3. Nc3 Qd6 4. d4 Nf6 5. Nf3 g6 6. Ne5 Bg7 7. Bf4 Qd8 8. Qd2
O-O 9. O-O-O Nbd7 10. Be2 Nxe5 11. Bxe5 c6 12. h4 b5 13. Bf3 Qb6 14. h5 Be6 15.
d5 Rad8 16. Bxf6 exf6 17. Qf4 cxd5 18. Nxd5 Bxd5 19. Bxd5 f5 20. hxg6 hxg6 21.
Qh4 Rfe8 22. Rd3 Qc7 23. Rhd1 Rc8 24. c3 a5 25. Qg3 Qb6 26. Qf3 b4 27. c4 Qf6
28. Rd4 a4 29. g4 a3 30. bxa3 Qg5+ 31. Rf4 Bh6 32. Rdd4 Qf6 33. axb4 Qxd4 0-1

[Event "DRUZYNOWE MISTRZOSTWA POLSKI - II LIGA"]
[Site "Jastrzebia Gora"]
[Date "2015-09-18"]
[Round "4.46"]
[White "Duda, Lukasz"]
[Black "Jozwik, Jacek"]
[Result "1-0"]
[WhiteTitle "I++"]
[BlackTitle "I"]
[WhiteElo "2153"]
[BlackElo "2012"]

1. e4 c5 2. Nc3 Nc6 3. g3 g6 4. d3 Bg7 5. Bg2 d6 6. Be3 Rb8 7. Qd2 b5 8. Nd1 b4
9. h3 Qa5 10. Ne2 Nd4 11. O-O h5 12. f4 f5 13. Bf2 e6 14. exf5 gxf5 15. Ne3 Nxe2+
16. Qxe2 Kf7 17. Rfe1 Bd7 18. a3 Qc7 19. Nc4 b3 20. c3 Nf6 21. d4 cxd4 22. Bxd4
Rb5 23. Rad1 Ne8 24. Qd3 Rh7 25. Bxg7 Rxg7 26. Nxd6+ Nxd6 27. Qxd6 Qxd6 28. Rxd6
Ke7 29. Ra6 Rxg3 30. Rxa7 Rd5 31. Kf2 Rdd3 32. Rb7 h4 33. Re2 Kd6 34. Rxb3 Ba4
35. Rb6+ Kc5 36. Rbxe6 Bd1 37. R2e5+ Kc4 38. Bf1 Rgf3+ 39. Ke1 Rxf1+ 40. Kxf1
Rxh3 41. Re3 Rh2 42. Re2 Bxe2+ 43. Rxe2 Rh1+ 44. Kg2 Rb1 45. Kh3 Kd3 46. Re5 Rxb2
47. Kxh4 Rb3 48. a4 Rxc3 49. Kg5 Rc4 50. a5 Re4 51. Kxf5 Ra4 52. Kg5 Kd4 53. Re1
Rxa5+ 54. f5 Kd5 55. Kg6 Kd6 56. f6 Ra2 57. f7 Rg2+ 58. Kf6 Rf2+ 59. Kg7 Rg2+
60. Kf8 Ra2 61. Rf1 Ke6 62. Kg7 Rg2+ 63. Kh6 Rh2+ 64. Kg5 Kd5 1-0

[Event "DRUZYNOWE MISTRZOSTWA POLSKI - II LIGA"]
[Site "Jastrzebia Gora"]
[Date "2015-09-18"]
[Round "4.51"]
[White "Harazinska, Ewa"]
[Black "Maciaga, Marcin"]
[Result "1-0"]
[WhiteTitle "WFM"]
[BlackTitle "k+"]
[WhiteElo "2055"]
[BlackElo "2101"]

1. d4 Nf6 2. c4 e6 3. Nc3 Bb4 4. Qc2 d5 5. cxd5 exd5 6. Bg5 h6 7. Bh4 c5 8. dxc5
g5 9. Bg3 Ne4 10. e3 Qa5 11. Nge2 Bf5 12. Be5 f6 13. Bxb8 Rxb8 14. Nd4 Bh7 15.
Bd3 Bxc3+ 16. bxc3 Qxc3+ 17. Qxc3 Nxc3 18. Kd2 Bxd3 19. Kxc3 Be4 20. f3 Bg6 21.
Nb5 Kd7 22. Nxa7 Rhe8 23. Rhe1 Ra8 24. Nb5 Ra4 25. Kb3 Rh4 26. h3 h5 27. Nd4 g4
28. Rad1 Kc7 29. hxg4 hxg4 30. c6 bxc6 31. Rc1 Rb8+ 32. Ka3 gxf3 33. Rxc6+ Kd7
34. Rxf6 fxg2 35. Rxg6 Rh1 36. Nf3 Rf1 37. Ne5+ Ke7 38. Nd3 Rf6 39. Rxf6 Kxf6
40. Nf4 Rg8 41. Rg1 d4 42. Rxg2 Ra8+ 43. Kb3 Kf5 44. Re2 Ke4 45. exd4+ Kxd4 46.
Ne6+ Kd3 47. Re5 Rb8+ 48. Ka4 Kc3 49. a3 Kb2 50. Nd4 Kc3 51. Nb5+ Kc4 52. Nd6+
Kc3 53. Rc5+ Kd4 54. Rc1 Kd5 55. Nb5 Rh8 56. Ka5 Ra8+ 57. Kb6 Rb8+ 58. Ka6 Ra8+
59. Kb7 Rh8 60. a4 1-0

[Event "DRUZYNOWE MISTRZOSTWA POLSKI - II LIGA"]
[Site "Jastrzebia Gora"]
[Date "2015-09-18"]
[Round "4.53"]
[White "Koziej, Maciej"]
[Black "Krasiewicz, Robert"]
[Result "1/2-1/2"]
[WhiteTitle "I++"]
[BlackTitle "k+"]
[WhiteElo "1985"]
[BlackElo "2027"]

1. d4 f5 2. c4 Nf6 3. Nc3 d6 4. Bg5 Nbd7 5. Qd2 h6 6. Bxf6 Nxf6 7. g3 e6 8. Bg2
Be7 9. Nh3 e5 10. e3 c6 11. O-O O-O 12. Rfd1 Qe8 13. b4 g5 14. f4 gxf4 15. gxf4
e4 16. Kh1 Qh5 17. Nf2 Bd7 18. Rg1 Kh8 19. Qe2 Qh4 20. Bh3 Rg8 21. Rxg8+ Rxg8
22. Rg1 d5 23. Rxg8+ Kxg8 24. c5 h5 25. Kg1 Ng4 26. Ncd1 Kf7 27. Qb2 Qf6 28. Qa3
a6 29. Qb2 Bd8 30. Qe2 Qh4 31. Qf1 Bc7 32. Qg2 a5 33. a3 axb4 34. axb4 b6 35.
Qg3 Qxg3+ 36. hxg3 bxc5 37. Bxg4 fxg4 38. dxc5 Bd8 39. Nc3 Bf6 40. Nfd1 Bc8 41.
Ne2 Ba1 42. Nd4 Bd7 43. Nb3 Bf6 44. Nd4 Ke7 45. Nc3 Bxd4 46. exd4 Ke6 47. Kf2
Be8 48. Nd1 Bd7 49. Ne3 Bc8 50. Ng2 Ba6 51. Ke3 Kf6 52. Nh4 Kg5 53. f5 Kf6 54.
Ng2 Bc8 55. Kxe4 Ke5+ 1/2-1/2

[Event "DRUZYNOWE MISTRZOSTWA POLSKI - II LIGA"]
[Site "Jastrzebia Gora"]
[Date "2015-09-18"]
[Round "5.12"]
[White "Pacuszka, Wioletta"]
[Black "Magnucka, Milena"]
[Result "0-1"]
[WhiteTitle "I+"]
[BlackTitle "WFM"]
[WhiteElo "1943"]
[BlackElo "1950"]

1. e4 g6 2. d4 Bg7 3. Nc3 d6 4. Be3 Nf6 5. Bc4 c6 6. a4 Qa5 7. f3 O-O 8. Nge2 e5
9. O-O Re8 10. d5 Qc7 11. a5 c5 12. Nb5 Qd8 13. Qd2 a6 14. Nbc3 Nbd7 15. Na4 b5
16. axb6 Nxb6 17. Nxb6 Qxb6 18. Rfb1 Qc7 19. b4 cxb4 20. Qxb4 a5 21. Bb6 Qe7 22.
Rxa5 Rb8 23. Ra7 Nd7 24. Qa5 Bh6 25. Qc3 Qg5 26. f4 exf4 27. Qd4 f3 28. Ng3 Rxb6
29. Re1 Bg7 30. Qf2 Rb4 31. Rc7 Ne5 32. Bb3 fxg2 33. Kxg2 h5 34. Kh1 h4 35. Ne2
Bg4 36. Ng1 Qh5 37. Re3 Bh6 38. Rec3 Rxe4 39. Ra7 Rf4 40. Qg2 Nf3 0-1

[Event "DRUZYNOWE MISTRZOSTWA POLSKI - II LIGA"]
[Site "Jastrzebia Gora"]
[Date "2015-09-18"]
[Round "5.13"]
[White "Hnydiuk, Aleksander"]
[Black "Krysztofiak, Marcin"]
[Result "1/2-1/2"]
[WhiteTitle "IM"]
[BlackTitle "IM"]
[WhiteElo "2354"]
[BlackElo "2392"]

1. d4 Nf6 2. c4 e6 3. g3 d5 4. Nf3 dxc4 5. Bg2 Bb4+ 6. Bd2 a5 7. O-O O-O 8. Qc2
c5 9. dxc5 Bxc5 10. Qxc4 Nbd7 11. Nc3 b6 12. Rad1 Ba6 13. Qh4 Rc8 14. Bg5 Qc7
15. Nd4 h6 16. Bf4 e5 17. Ndb5 Qb8 18. Bc1 Rfd8 19. Qh3 Nf8 20. Qf5 Rxd1 21. Rxd1
Rd8 22. Qc2 Ne6 23. Rxd8+ Qxd8 24. Qd2 Qxd2 25. Bxd2 Ne8 26. Bc6 Nd6 27. Nxd6
Bxd6 28. Bb5 Bxb5 29. Nxb5 Bc5 30. Kg2 f5 31. Nc3 Kf7 32. Na4 Ke7 33. Bc3 Kd6
34. Nxc5 Nxc5 35. f4 Nd7 36. Kf3 g6 37. e4 fxe4+ 38. Kxe4 Nc5+ 39. Ke3 exf4+ 40.
Kxf4 Kd5 41. Ke3 h5 42. Bd4 Ke5 43. Ke4+ 1/2-1/2

[Event "DRUZYNOWE MISTRZOSTWA POLSKI - II LIGA"]
[Site "Jastrzebia Gora"]
[Date "2015-09-18"]
[Round "5.28"]
[White "Szymczak, Rafal"]
[Black "Chalupnik, Marcin"]
[Result "0-1"]
[WhiteTitle "k"]
[BlackTitle "k++"]
[WhiteElo "2062"]
[BlackElo "2210"]

1. f4 c5 2. Nf3 g6 3. g3 Bg7 4. Bg2 Nc6 5. O-O e6 6. d3 Nge7 7. c3 O-O 8. e4 d5
9. Qc2 b6 10. a4 Bb7 11. Na3 Rc8 12. Rd1 a6 13. Qe2 Rc7 14. e5 Qd7 15. Nc2 Na5
16. Nd2 Rd8 17. Ne3 d4 18. cxd4 Qxd4 19. Bxb7 Rxb7 20. Nf3 Qd7 21. Ra3 Nd5 22.
Nxd5 Qxd5 23. Be3 Nb3 24. Ng5 c4 25. Ne4 cxd3 26. Qg2 Rbd7 27. Bxb6 Rc8 28. Nc3
Qc4 29. a5 d2 30. Ra4 Qd3 31. Re4 Qc2 32. Qe2 Qxb2 33. Rc4 Rxc4 34. Qxc4 Bf8 35.
Rb1 Qxb1+ 36. Ne4 Qb2 37. Nc3 Kg7 0-1

[Event "DRUZYNOWE MISTRZOSTWA POLSKI - II LIGA"]
[Site "Jastrzebia Gora"]
[Date "2015-09-18"]
[Round "5.32"]
[White "Pazderski, Ziemowit"]
[Black "Sopur, Lech"]
[Result "1/2-1/2"]
[WhiteTitle "k+"]
[BlackTitle "m"]
[WhiteElo "2249"]
[BlackElo "2419"]

1. d4 Nf6 2. c4 e6 3. g3 Bb4+ 4. Nd2 Nc6 5. Ngf3 d5 6. Bg2 dxc4 7. O-O Bxd2 8.
Qxd2 Rb8 9. Rd1 O-O 10. Qc2 b5 11. b3 Nb4 12. Qd2 Nbd5 13. bxc4 bxc4 14. Ba3 Re8
15. Ne5 c3 16. Qd3 Bb7 17. e4 Nb6 18. Qc2 h5 19. f3 h4 20. g4 Nh7 21. Qxc3 Ng5
22. h3 f5 23. Nc6 Bxc6 24. Qxc6 fxe4 25. fxe4 Qf6 26. Rd3 Rbd8 27. Rf1 Qg6 28.
Rd2 Rd7 29. Bc1 Red8 30. Bb2 Kh7 31. Rdf2 e5 32. d5 Qxc6 33. dxc6 Rd6 34. Bxe5
Rxc6 35. Rf5 Ne6 36. Bf4 Nxf4 37. R1xf4 Rc1+ 38. Rf1 Rc2 39. R1f2 Rd1+ 40. Kh2
Rxf2 41. Rxf2 Nc4 42. Rc2 Ne3 43. Re2 Nxg2 44. Kxg2 Kg6 45. e5 Kf7 46. Kf3 Ke6
47. Rc2 Kxe5 48. Rxc7 Rd3+ 49. Kg2 Rg3+ 50. Kf2 Rxh3 51. Rxa7 Kf6 52. g5+ Kg6
53. a4 Rg3 54. Ra5 Ra3 55. Ra7 Rg3 56. Ra5 Kh5 57. Rb5 Ra3 58. a5 g6 59. Kg2 Kg4
60. Kh2 Ra2+ 61. Kg1 Kf4 62. Kh1 Ra3 63. Kg2 Ra2+ 64. Kg1 Kf3 65. Rb3+ Ke2 66.
Rb6 Rxa5 67. Rb5 Ra4 68. Kf1+ 1/2-1/2

[Event "DRUZYNOWE MISTRZOSTWA POLSKI - II LIGA"]
[Site "Jastrzebia Gora"]
[Date "2015-09-18"]
[Round "5.39"]
[White "Zareba, Radoslaw"]
[Black "Jedra, Waldemar"]
[Result "1-0"]
[WhiteTitle "I"]
[BlackTitle "I"]
[WhiteElo "2071"]
[BlackElo "1986"]

1. e4 c6 2. d4 d5 3. f3 dxe4 4. fxe4 e5 5. Nf3 Be6 6. c3 exd4 7. cxd4 Nf6 8. Nc3
Bb4 9. Bd3 Nbd7 10. O-O Qb6 11. Kh1 Bg4 12. Be3 Qa5 13. Qc2 h6 14. a3 Be7 15.
b4 Qd8 16. Bc4 Bxf3 17. Rxf3 Nb6 18. Bxf7+ Kxf7 19. e5 Nbd5 20. Nxd5 cxd5 21.
exf6 Bxf6 22. Raf1 Rc8 23. Qf5 Rc6 24. Rg3 Kg8 25. b5 Rb6 26. Rc1 Kf7 27. Bf4
Re8 28. Bc7 Qxc7 29. Rxc7+ 1-0

[Event "DRUZYNOWE MISTRZOSTWA POLSKI - II LIGA"]
[Site "Jastrzebia Gora"]
[Date "2015-09-18"]
[Round "5.94"]
[White "Siedlinski, Piotr"]
[Black "Wozniak, Maciej"]
[Result "1/2-1/2"]
[WhiteTitle "k"]
[BlackTitle "k"]
[WhiteElo "2072"]
[BlackElo "2087"]

1. e4 e5 2. Nf3 Nc6 3. Bb5 a6 4. Bxc6 dxc6 5. d4 exd4 6. Qxd4 Qxd4 7. Nxd4 Bd7
8. Nc3 O-O-O 9. Be3 Bb4 10. Nde2 f5 11. e5 Re8 12. f4 Nf6 13. O-O-O Ng4 14. Bg1
g5 15. h3 Nh6 16. g3 Rhg8 17. Be3 Nf7 18. a3 Bf8 19. Rd2 gxf4 20. gxf4 Bh6 21.
Rd3 Be6 22. Nd4 Bc4 23. Nxf5 Bxd3 24. cxd3 Rg2 25. d4 Bf8 26. Ne4 Nh6 27. Nfg3
Ng8 28. Rf1 Ne7 29. f5 Nd5 30. Bg5 c5 31. e6 cxd4 32. Rf3 c5 33. Nf6 Nxf6 34.
Bxf6 Bh6+ 35. Kb1 Rh2 36. Ne4 Bf8 37. Be5 Rh1+ 38. Ka2 Re1 39. Nd6+ Bxd6 40. Bxd6
Rd8 41. Bxc5 d3 42. Bb4 d2 43. Bxd2 Rxd2 44. f6 Rxe6 45. f7 1/2-1/2

[Event "DRUZYNOWE MISTRZOSTWA POLSKI - II LIGA"]
[Site "Jastrzebia Gora"]
[Date "2015-09-18"]
[Round "5.97"]
[White "Zielinski, Maciej"]
[Black "Myc, Marcin"]
[Result "0-1"]
[WhiteTitle "I++"]
[BlackTitle "m"]
[WhiteElo "2125"]
[BlackElo "2315"]

1. e4 c6 2. d4 d5 3. e5 c5 4. Nf3 cxd4 5. Nbd2 Nc6 6. Nb3 Bg4 7. Nbxd4 e6 8. Bb5
Nge7 9. c3 Bxf3 10. Nxf3 a6 11. Bd3 Qc7 12. Qe2 Ng6 13. Bxg6 hxg6 14. O-O Rh5
15. Re1 Be7 16. Bf4 O-O-O 17. b4 Rdh8 18. Bg3 Kb8 19. a4 Na7 20. b5 a5 21. Rec1
Rc8 22. Nd2 Bh4 23. Bf4 Rf5 24. Qe3 Qe7 25. g4 Rxf4 26. Qxf4 Bg5 27. Qd4 Bxd2
28. Qxd2 Rc4 29. f3 Nc8 30. Qe3 Qc7 31. b6 Nxb6 32. Kg2 Nxa4 33. h4 Nxc3 34. Ra3
d4 35. Qe1 a4 36. h5 b5 37. hxg6 fxg6 38. f4 b4 39. Raa1 Qc6+ 40. Kh3 Qf3+ 41.
Qg3 Qxg3+ 42. Kxg3 Ne2+ 0-1

[Event "DRUZYNOWE MISTRZOSTWA POLSKI - II LIGA"]
[Site "Jastrzebia Gora"]
[Date "2015-09-18"]
[Round "6.3"]
[White "Cukrowski, Filip"]
[Black "Lizak, Jakub"]
[Result "1-0"]
[WhiteTitle "m"]
[BlackTitle "k"]
[WhiteElo "2318"]
[BlackElo "2113"]

1. e4 e5 2. Nc3 Nc6 3. g3 Bc5 4. Bg2 d6 5. Nge2 Nge7 6. Na4 Bg4 7. f3 Be6 8. c3
Bb6 9. Nxb6 axb6 10. b3 Qd7 11. d4 Bh3 12. O-O Bxg2 13. Kxg2 f5 14. d5 Nb8 15.
c4 b5 16. cxb5 Qxb5 17. Bg5 Nc8 18. exf5 O-O 19. Nc3 Qb4 20. Qc2 h6 21. Bd2 Qc5
22. Qd3 Ne7 23. f6 gxf6 24. Bxh6 Rf7 25. Be3 Qb4 26. Rfc1 Ra5 27. Bd2 f5 28. Ne2
Rxd5 29. Qxd5 Nxd5 30. Bxb4 Nxb4 31. a3 N4a6 32. b4 Nd7 33. Rd1 Rf6 34. Rac1 c6
35. b5 Nac5 36. bxc6 bxc6 37. a4 d5 38. Ra1 Rf8 39. f4 Nb3 40. Rab1 Na5 41. fxe5
Nxe5 42. Nd4 Nac4 43. Rb3 f4 44. gxf4 Rxf4 45. Rg3+ Ng4 46. Kh3 Nce3 47. Rdg1
Rxd4 48. Rxg4+ Rxg4 49. Rxg4+ 1-0